BROOKLYN NINE NINE - Statistics

General Stats
  • This quiz has been taken 2,691 times
  • The average score is 7 of 9
Answer Stats
Questions Answer % Correct
Who said this? "I also have a hairline fracture in my thumb. Mankind's least important finger, am I right?" Jake
98%
Who said this? "It's either that or go carolling with my family, so yeah. I'd rather walk into the freezing ocean." Rosa
96%
Who said this? "Oh, you're right. I'm gonna tell him. It might not be today. It might not be tomorrow. It definitely won't be later than tomorrow. So pretty much today or tomorrow then." Charles
94%
Who said this? "If Rosa had a twin, she would have eaten her in the womb." Gina
94%
Who said this? "Oh, I really am. I'm really into rented clothes. I love how many butts have been in them." Amy
92%
Who said this? "If we're away from our desks for too long, they'll update our computers and we'll lose Minesweeper." Scully
88%
Who said this? "That's not a crime scene. That's a boudouir photo I'm having framed for my wife. That's me underneath the mask." Hitchcock
85%
Who said this? "He was a great partner. Smart, loyal. Homophobic but not racist. In those days that was pretty good." Captain Holt
61%
Who said this? "I'm playing Kwazy Cupcakes, I'm hydrated as hell, and I'm listening to Sheryl Crow. I've got my own party going on." Sergeant Jeffords
21%
No matching quizzes found
Score Distribution
Percent of People with Each Score
Percentile by Number Answered
Your Score History
You have not taken this quiz